| LEADER |
00653nam0a2200193 450 |
| 001 |
16840590 |
| 010 |
|
|
|a 978-2-505-08948-3
|d 12,5
|
| 100 |
|
|
|a 20220807d2022 u u0frey01 ba
|
| 101 |
0 |
|
|a fre
|
| 102 |
|
|
|a BE
|
| 200 |
0 |
|
|a Cuba, où tout a commencé
|
| 207 |
|
1 |
|a
|
| 210 |
|
|
|a Neuilly
|b 12 Rue Blaise Pascal.
|c Dargaud
|d 2022
|
| 461 |
|
0 |
|t XIII
|v 28
|
| 700 |
|
0 |
|a Sente
|b Yves
|f 1964-....
|4 70
|
| 702 |
|
0 |
|a Jigounov
|b Iouri
|4 70
|
| 900 |
|
|
|a Bandes déssinées ADULTE
|
| 901 |
|
|
|a Réserve
|
| 995 |
|
|
|a Bibliothèque
|c Bibliothèque
|f 024023030
|h 024023030
|k BDA VAN
|o p
|q a
|r az
|u changer l'étiquette cote en BDA VANVérifier la pastille sur la côte
|e Bibliothèque
|